Skyrim Races - Statistics

General Stats
  • This quiz has been taken 59 times
  • The average score is 14 of 16
Answer Stats
Description Race % Correct
Natives of Morrowind who are often treated unfairly in Skyrim. Dunmer
95%
Builders of great, mostly subterranean cities, they also smelted their own type of metal. Dwemer
95%
Lizard-like humanoids. Argonians
93%
Elves who prefer to live simply and are excellent archers. Bosmer
93%
The main human ethnic group in Skyrim. Nords
93%
A race notable for their strength and known for being smiths, they often live in strongholds. Orsimer
93%
Large human-like beings who carry clubs and herd mammoths. Giants
91%
Bloodsucking beings. Vampires
91%
Cat-like humanoids. Khajiit
89%
An elven race whose ruling government try to suppress worship of a certain god. Altmer
87%
Beings who used to be more civilised, but now they live underground as twisted abominations. Falmer
87%
Humans from Tamriel's central region. Imperials
85%
A race of dark-skinned humans, known for their curved swords. Redguards
82%
Part human, part elf, this race comes from High Rock. Bretons
75%
Feathered magic users. Hagravens
64%
Primitive natives of the Reach. Forsworn
56%
No matching quizzes found
Score Distribution
Percent of People with Each Score
Percentile by Number Answered
Your Score History
You have not taken this quiz